| 000 | 00711nam a2200241 4500 | ||
|---|---|---|---|
| 003 | DO-SdBNP | ||
| 005 | 20220428125746.0 | ||
| 008 | 180308s1982 nyu | ||
| 040 |
_aBPMSU _bspa _cBPMSU |
||
| 041 | 1 | 7 | _aeng |
| 082 |
_a813 _bA671p 1982 _222 |
||
| 100 | 1 |
_a Archer, Jeffrey, _d1940- _c |
|
| 245 | 0 | 0 |
_a The prodigal daughter / _cJeffrey Archer. _n _p _h _b |
| 260 |
_aNew York : _bLinden Press/Simon & Schuster, _c1982. |
||
| 300 |
_a440 p. ; _c24 cm. |
||
| 590 | _6Inventariado, 2022/VM | ||
| 650 | 4 | _aNovela estadounidense. | |
| 650 | 4 |
_aMujer de negocios _vNovela |
|
| 650 | 4 |
_zEstados Unidos. _vNovela _aHijos de inmigrantes |
|
| 650 | 4 | _aHistoria de amor | |
| 910 | _aVMateo V | ||
| 942 |
_cBK _2ddc |
||
| 999 |
_c14176 _d14176 |
||